Macroeconomic theory : statics, dynamics, and policy
Αποθηκεύτηκε σε:
| Κύριος συγγραφέας: | |
|---|---|
| Μορφή: | Βιβλίο |
| Γλώσσα: | English |
| Δημοσίευση: |
New York :
McGraw-Hill,
c1982
|
| Σειρά: | Economics handbook series
|
| Θέματα: | |
| Ετικέτες: |
Προσθήκη ετικέτας
Δεν υπάρχουν, Καταχωρήστε ετικέτα πρώτοι!
|
MARC
| LEADER | 00000cam a2200000 i 4500 | ||
|---|---|---|---|
| 001 | 1/31259 | ||
| 008 | 950807s1982 eng d | ||
| 020 | |a 0070227659 |c $23.95 (est.) | ||
| 035 | |l 10023548 | ||
| 040 | |a GR-MY-UA |b gre |e aacr | ||
| 041 | 0 | |a eng | |
| 082 | 0 | |a 339 |2 (19) | |
| 100 | 1 | |a Gapinski, James H. | |
| 245 | 1 | 0 | |a Macroeconomic theory : |b statics, dynamics, and policy / |c James H. Gapinski |
| 260 | |a New York : |b McGraw-Hill, |c c1982 | ||
| 300 | |a xi, 432 p.; |b ill.; |c 24 cm | ||
| 490 | 1 | |a Economics handbook series | |
| 500 | |a Includes indexes | ||
| 650 | 0 | 0 | |a Macroeconomics. |
| 650 | 0 | 0 | |a Statics and dynamics (Social sciences) |
| 650 | 0 | 0 | |a Economic policy. |
| 852 | |a INST |b CHIOS |e 19950807 |h 339 GAP |p 005200001318 |q 005200001318 |t BK |y 0 | ||
| 909 | |a Χ |b 013247 | ||